[Event "20th PKWN Festival it"]
[Site "Naleczow POL"]
[Date "1984.07.??"]
[Round "?"]
[White "Adamski, Jan"]
[WhiteElo "2460"]
[Black "Gross, Stefan"]
[BlackElo "2410"]
[Result "0-1"]
[EventDate "1984.07.??"]
[PlyCount "78"]

1.Nf3 f5 2.g3 Nf6 3.Bg2 g6 4.b3 Bg7 5.Bb2 O-O 6.O-O Qe8 7.d4 d6 8.c4 c6 9.
d5 Na6 10.Nc3 Bd7 11.Rc1 Nc7 12.Ne1 c5 13.Nd3 g5 14.e4 fxe4 15.Nxe4 Qg6
16.Re1 Rae8 17.f4 Bf5 18.Nef2 Bh6 19.Rc3 b5 20.fxg5 Bxg5 21.Nf4 Qh6 22.Rf3
Ng4 23.h3 Nxf2 24.Rxf2 Bd7 25.Bc1 Rf7 26.h4 Bxf4 27.Rxf4 Rxf4 28.Bxf4 Qg6
29.Bf3 Bf5 30.Bh5 Qg7 31.Bxe8 Nxe8 32.Bg5 Qc3 33.Re3 Qb2 34.Qe2 Qd4 35.Kh2
Bg4 36.Qf2 Ng7 37.Bxe7 Nf5 38.Rf3 Bxf3 39.Qxf3 Nxe7 0-1

[Event "20th PKWN Festival it"]
[Site "Naleczow POL"]
[Date "1984.07.??"]
[Round "?"]
[White "Adamski, Jan"]
[WhiteElo "2460"]
[Black "Kindermann, Stefan"]
[BlackElo "2470"]
[Result "1/2-1/2"]
[EventDate "1984.07.??"]
[PlyCount "53"]

1.Nf3 Nf6 2.d4 e6 3.g3 c5 4.Bg2 d5 5.O-O Be7 6.c4 O-O 7.cxd5 exd5 8.Nc3
Nc6 9.dxc5 Bxc5 10.Bg5 d4 11.Ne4 Be7 12.Bxf6 Bxf6 13.Rc1 Be7 14.Ne1 Bf5
15.Nd3 Qb6 16.a3 a5 17.Qd2 Rac8 18.Rc2 Rfe8 19.Qf4 Bg6 20.Rfc1 Bf8 21.Bf3
Re6 22.Rc4 Rce8 23.Nec5 Rf6 24.Qd2 Bxc5 25.Bxc6 Bxd3 26.Rxc5 Rxc6 27.Rxc6
1/2-1/2

[Event "20th PKWN Festival it"]
[Site "Naleczow POL"]
[Date "1984.07.??"]
[Round "?"]
[White "Adamski, Jan"]
[WhiteElo "2460"]
[Black "Popovic, Petar"]
[BlackElo "2515"]
[Result "1/2-1/2"]
[EventDate "1984.07.??"]
[PlyCount "23"]

1.Nf3 Nf6 2.c4 g6 3.Nc3 d5 4.cxd5 Nxd5 5.Qa4+ Bd7 6.Qh4 Nf6 7.d4 Bg4 8.e4
Bxf3 9.gxf3 c6 10.Be3 Bg7 11.O-O-O O-O 12.Kb1 1/2-1/2

[Event "20th PKWN Festival it"]
[Site "Naleczow POL"]
[Date "1984.07.??"]
[Round "?"]
[White "Adamski, Jan"]
[WhiteElo "2460"]
[Black "Sygulski, Artur"]
[BlackElo "2420"]
[Result "0-1"]
[EventDate "1984.07.??"]
[PlyCount "46"]

1.Nf3 Nf6 2.c4 c5 3.d4 b6 4.d5 d6 5.Nc3 e5 6.e4 g6 7.g3 Bg7 8.Bg2 O-O 9.
O-O a6 10.a4 Ra7 11.Ne1 Ne8 12.Nd3 Re7 13.Qc2 Nd7 14.Bd2 f5 15.f3 Ref7 16.
f4 Nc7 17.Kh1 exf4 18.exf5 fxg3 19.fxg6 Rxf1+ 20.Rxf1 Qh4 21.gxh7+ Qxh7
22.h3 Rxf1+ 23.Bxf1 Ne5 0-1

[Event "20th PKWN Festival it"]
[Site "Naleczow POL"]
[Date "1984.07.??"]
[Round "?"]
[White "Bany, Jerzy"]
[WhiteElo "2430"]
[Black "Adamski, Jan"]
[BlackElo "2460"]
[Result "1/2-1/2"]
[EventDate "1984.07.??"]
[PlyCount "51"]

1.Nf3 Nf6 2.c4 e6 3.g3 a6 4.Bg2 b5 5.b3 Bb7 6.O-O c5 7.Bb2 Be7 8.Nc3 Qa5
9.Qc2 d6 10.Ng5 Bxg2 11.Kxg2 h6 12.Nf3 O-O 13.Ne4 Nbd7 14.Nxf6+ Bxf6 15.
Bxf6 Nxf6 16.Rfc1 Rfc8 17.Qc3 Qb6 18.Qe3 a5 19.cxb5 Qxb5 20.d4 Nd5 21.Qd2
cxd4 22.Nxd4 Qb6 23.Nf3 Qa6 24.Nd4 Qb6 25.Nf3 Qa6 26.Nd4 1/2-1/2

[Event "20th PKWN Festival it"]
[Site "Naleczow POL"]
[Date "1984.07.??"]
[Round "?"]
[White "Bany, Jerzy"]
[WhiteElo "2430"]
[Black "Gross, Stefan"]
[BlackElo "2410"]
[Result "1/2-1/2"]
[EventDate "1984.07.??"]
[PlyCount "90"]

1.Nf3 Nf6 2.c4 d6 3.g3 e5 4.Bg2 c6 5.O-O g6 6.Nc3 Bg7 7.e4 Bg4 8.h3 Bxf3
9.Qxf3 Na6 10.d3 Nc5 11.Qd1 Ne6 12.Be3 Nd7 13.Ne2 Nd4 14.Nxd4 exd4 15.Bd2
a5 16.b3 O-O 17.a3 Nc5 18.Be1 Qd7 19.Qc2 f5 20.exf5 Qxf5 21.Rd1 Rfe8 22.
Kh2 a4 23.b4 Nb3 24.b5 Qd7 25.bxc6 bxc6 26.Bb4 Re7 27.Rde1 Rae8 28.Re4
Rxe4 29.Bxe4 Bh6 30.Rb1 Bf8 31.Re1 Kh8 32.Qd1 d5 33.cxd5 cxd5 34.Bg2 Bxb4
35.Rxe8+ Qxe8 36.axb4 Qe7 37.b5 Nc5 38.Bxd5 Kg7 39.b6 a3 40.Qa1 Qf6 41.Kg2
Nxd3 42.b7 Qxf2+ 43.Kh1 Qxg3 44.Qxd4+ Kh6 45.b8=Q Nf2+ 1/2-1/2

[Event "20th PKWN Festival it"]
[Site "Naleczow POL"]
[Date "1984.07.??"]
[Round "?"]
[White "Bany, Jerzy"]
[WhiteElo "2430"]
[Black "Kindermann, Stefan"]
[BlackElo "2470"]
[Result "1/2-1/2"]
[EventDate "1984.07.??"]
[PlyCount "58"]

1.Nf3 Nf6 2.c4 e6 3.g3 d5 4.Bg2 Be7 5.O-O O-O 6.d4 c5 7.cxd5 exd5 8.Nc3
Nc6 9.b3 Ne4 10.Bb2 Bf6 11.Na4 Re8 12.Rc1 b6 13.dxc5 Bxb2 14.Nxb2 bxc5 15.
Na4 Ba6 16.Re1 c4 17.Nd2 Qa5 18.Bxe4 dxe4 19.Nxc4 Bxc4 20.Rxc4 Rad8 21.Qc1
Nd4 22.Rc5 Qa6 23.Qe3 g6 24.Rc4 Nf5 25.Qc3 e3 26.Nc5 exf2+ 27.Kxf2 Qd6 28.
e3 Qd2+ 29.Qxd2 Rxd2+ 1/2-1/2

[Event "20th PKWN Festival it"]
[Site "Naleczow POL"]
[Date "1984.07.??"]
[Round "?"]
[White "Bany, Jerzy"]
[WhiteElo "2430"]
[Black "Popovic, Petar"]
[BlackElo "2515"]
[Result "1/2-1/2"]
[EventDate "1984.07.??"]
[PlyCount "55"]

1.Nf3 Nf6 2.c4 g6 3.g3 Bg7 4.Bg2 d5 5.cxd5 Nxd5 6.O-O O-O 7.Nc3 Nc6 8.Nxd5
Qxd5 9.d3 Qb5 10.Rb1 a5 11.Bf4 e5 12.Be3 a4 13.Ng5 Nd4 14.Ne4 Be6 15.Nc3
Qa6 16.Rc1 c6 17.Kh1 Rfe8 18.Bg5 h6 19.Be3 Red8 20.f4 Nf5 21.Bg1 h5 22.Qe1
Qa5 23.a3 Nd4 24.Be3 exf4 25.Bxf4 Qb6 26.Bg5 Re8 27.e3 Nf5 28.e4 1/2-1/2

[Event "20th PKWN Festival it"]
[Site "Naleczow POL"]
[Date "1984.07.??"]
[Round "?"]
[White "Bany, Jerzy"]
[WhiteElo "2430"]
[Black "Yuferov, Sergei"]
[BlackElo "2430"]
[Result "0-1"]
[EventDate "1984.07.??"]
[PlyCount "162"]

1.Nf3 Nf6 2.c4 b6 3.g3 Bb7 4.Bg2 e6 5.O-O Be7 6.b3 O-O 7.Bb2 d5 8.cxd5
Nxd5 9.d4 Nd7 10.Nc3 Nxc3 11.Bxc3 c5 12.Rc1 Rc8 13.Qd3 cxd4 14.Qxd4 Bf6
15.Qe3 Bxc3 16.Rxc3 Qe7 17.Rfc1 Rxc3 18.Rxc3 Nf6 19.Qe5 Qa3 20.Rc2 Be4 21.
Qb2 Qxb2 22.Rxb2 Rc8 23.h3 Rc1+ 24.Kh2 Kf8 25.Nd4 Ke7 26.b4 Rc4 27.Nf3 Rc3
28.Ne5 b5 29.Rd2 Rc7 30.Nd3 Bxg2 31.Kxg2 Ne4 32.Rb2 Rc3 33.Kf3 f5 34.Ke3
Nd6 35.Kd2 Ra3 36.Rc2 Nc4+ 37.Kc1 Ra4 38.f4 Kd6 39.e4 Ra3 40.Nb2 Nxb2 41.
Kxb2 Rxg3 42.exf5 exf5 43.Rc5 a6 44.Rxf5 Rxh3 45.Rf7 g6 46.Rf6+ Kd5 47.
Rxa6 Kc4 48.a3 Rh2+ 49.Kc1 Rf2 50.Rc6+ Kb3 51.Rb6 Kc4 52.Rc6+ Kb3 53.Rb6
Kxa3 54.Rxb5 Rxf4 55.Rb7 h5 56.Rb6 Rg4 57.b5 Kb4 58.Rb8 Kc5 59.b6 Kc6 60.
Kd2 h4 61.Ke3 Rg3+ 62.Ke2 g5 63.Kf2 Kb5 64.Rb7 Kc5 65.Rb8 Kc6 66.b7 Kc7
67.Rc8+ Kxb7 68.Rc1 Kb6 69.Rc4 Kb5 70.Rc8 Kb4 71.Rc7 Rg4 72.Kf3 Rf4+ 73.
Kg2 g4 74.Rh7 g3 75.Kh3 Kc3 76.Rh8 Kd3 77.Rd8+ Ke3 78.Re8+ Kf2 79.Ra8 Kg1
80.Ra4 Rf3 81.Kg4 Re3 0-1

[Event "20th PKWN Festival it"]
[Site "Naleczow POL"]
[Date "1984.07.??"]
[Round "?"]
[White "Gavrikov, Viktor"]
[WhiteElo "2485"]
[Black "Ksieski, Zbigniew"]
[BlackElo "2400"]
[Result "1/2-1/2"]
[EventDate "1984.07.??"]
[PlyCount "98"]

1.d4 Nf6 2.c4 e6 3.Nf3 b6 4.g3 Bb4+ 5.Bd2 a5 6.Bg2 Bb7 7.O-O O-O 8.Bf4 Be7
9.Nc3 Ne4 10.Na4 d6 11.d5 e5 12.Be3 Nd7 13.Nd2 Nxd2 14.Bxd2 f5 15.Nc3 Bc8
16.Qc2 Nc5 17.f4 Bf6 18.Rad1 Bd7 19.Bc1 Qe7 20.Rde1 Rae8 21.Bd2 exf4 22.
gxf4 Bxc3 23.Qxc3 Ne4 24.Qd4 Nxd2 25.Qxd2 Qe3+ 26.Qxe3 Rxe3 27.Bf3 a4 28.
Kf2 Rfe8 29.Rc1 R8e7 30.Rg1 Kf7 31.Rg3 Kf6 32.Bh5 Rxg3 33.hxg3 c5 34.dxc6
Bxc6 35.e3 Ke6 36.Rc3 Ra7 37.Ke1 Ra5 38.Bd1 g6 39.Kd2 h5 40.Ra3 d5 41.Rc3
Kd6 42.a3 Rc5 43.cxd5 Rxd5+ 44.Rd3 Rxd3+ 45.Kxd3 Kc5 46.Kc3 b5 47.Bc2 Bf3
48.b3 axb3 49.Bxb3 Bd5 1/2-1/2

[Event "20th PKWN Festival it"]
[Site "Naleczow POL"]
[Date "1984.07.??"]
[Round "?"]
[White "Gavrikov, Viktor"]
[WhiteElo "2485"]
[Black "Popovic, Petar"]
[BlackElo "2515"]
[Result "1-0"]
[EventDate "1984.07.??"]
[PlyCount "75"]

1.Nf3 Nf6 2.c4 g6 3.Nc3 d5 4.cxd5 Nxd5 5.Qa4+ Bd7 6.Qc2 Nb6 7.d4 Bg7 8.Bf4
O-O 9.Rd1 c6 10.Be5 Bf5 11.e4 Bg4 12.Bxg7 Kxg7 13.Be2 Bxf3 14.Bxf3 e5 15.
dxe5 Qc7 16.O-O N8d7 17.Be2 Qxe5 18.f4 Qc5+ 19.Kh1 Rfd8 20.Bd3 Qe7 21.Qf2
f6 22.Bc2 Nf8 23.e5 Rxd1 24.exf6+ Qxf6 25.Rxd1 Rd8 26.Re1 Ne6 27.g3 Nd4
28.Be4 Nd7 29.Bb1 Qd6 30.Qe3 Kf8 31.f5 gxf5 32.g4 Nf6 33.Qh6+ Kg8 34.Bxf5
Nxf5 35.gxf5 Qf8 36.Qg5+ Kh8 37.Re6 Rd6 38.Qf4 1-0

[Event "20th PKWN Festival it"]
[Site "Naleczow POL"]
[Date "1984.07.??"]
[Round "?"]
[White "Gavrikov, Viktor"]
[WhiteElo "2485"]
[Black "Spiridonov, Nikola"]
[BlackElo "2445"]
[Result "1/2-1/2"]
[EventDate "1984.07.??"]
[PlyCount "79"]

1.d4 Nf6 2.c4 g6 3.Nc3 d5 4.Nf3 Bg7 5.cxd5 Nxd5 6.e4 Nxc3 7.bxc3 O-O 8.Be2
b6 9.O-O Bb7 10.Qd3 Nd7 11.Bg5 h6 12.Bh4 Nf6 13.Nd2 c5 14.Rad1 cxd4 15.
cxd4 Qd7 16.d5 Qa4 17.f3 Nxd5 18.exd5 Qxh4 19.Ne4 Rfd8 20.Qb3 Qf4 21.Rfe1
Rac8 22.Bf1 Qc7 23.Rd2 Qe5 24.Red1 Kh7 25.d6 e6 26.Qa4 a5 27.Qb3 f5 28.
Qxb6 Rb8 29.Nf2 Bxf3 30.Qxb8 Rxb8 31.gxf3 Qc5 32.d7 Rd8 33.Kg2 Bf6 34.a4
g5 35.Bb5 h5 36.Rd6 Qe5 37.Bc4 Qf4 38.Rxe6 Qxc4 39.Rxf6 Qxa4 40.Rxf5
1/2-1/2

[Event "20th PKWN Festival it"]
[Site "Naleczow POL"]
[Date "1984.07.??"]
[Round "?"]
[White "Gavrikov, Viktor"]
[WhiteElo "2485"]
[Black "Stempin, Pawel"]
[BlackElo "2400"]
[Result "1-0"]
[EventDate "1984.07.??"]
[PlyCount "67"]

1.d4 Nf6 2.c4 e6 3.Nf3 b6 4.g3 Ba6 5.b3 b5 6.cxb5 Bxb5 7.Bg2 c5 8.dxc5
Bxc5 9.Nd4 Bxd4 10.Qxd4 Bc6 11.e4 O-O 12.Ba3 e5 13.Qd3 Re8 14.Bd6 Qb6 15.
Na3 Qb7 16.f3 a5 17.O-O Na6 18.Rfd1 Rac8 19.Qd2 a4 20.Nc4 axb3 21.axb3 Bb5
22.Nxe5 Re6 23.Qd4 Rc2 24.Rdc1 Rxc1+ 25.Rxc1 Ne8 26.Ba3 Nb8 27.Kh1 h5 28.
Bh3 Ra6 29.Qb4 d6 30.Bc8 Qb6 31.Bxa6 Qxa6 32.Nc4 Nc6 33.Qc3 Ne5 34.Bxd6
1-0

[Event "20th PKWN Festival it"]
[Site "Naleczow POL"]
[Date "1984.07.??"]
[Round "?"]
[White "Gavrikov, Viktor"]
[WhiteElo "2485"]
[Black "Sygulski, Artur"]
[BlackElo "2420"]
[Result "1-0"]
[EventDate "1984.07.??"]
[PlyCount "119"]

1.d4 Nf6 2.c4 d6 3.Nf3 g6 4.Nc3 Bg7 5.e4 O-O 6.Be2 e5 7.O-O Bg4 8.d5 a5 9.
Bg5 h6 10.Be3 Na6 11.Rb1 Nh5 12.g3 Bh3 13.Re1 Nf6 14.Nh4 Qd7 15.f3 g5 16.
Ng2 Nh7 17.a3 f5 18.exf5 Bxf5 19.Ne4 Nf6 20.Bd3 Nxe4 21.Bxe4 Rf6 22.b4
axb4 23.axb4 Nb8 24.Ra1 Rxa1 25.Qxa1 Qc8 26.Bf2 Nd7 27.Ne3 Bh7 28.Qb1 Nf8
29.Kg2 h5 30.Re2 b6 31.Ra2 Bg6 32.Ra7 Qd7 33.Bxg6 Nxg6 34.Qe4 Ne7 35.Nd1
Nc8 36.Ra8 Rf8 37.Be3 Qe7 38.Qg6 Qf6 39.Qxf6 Bxf6 40.Nc3 Ne7 41.Rxf8+ Kxf8
42.g4 hxg4 43.fxg4 Kg7 44.h4 Ng6 45.h5 Nf4+ 46.Bxf4 exf4 47.Nb5 Bb2 48.Kf3
Kf6 49.Ke4 Bc1 50.Nxc7 Ba3 51.Na8 Bxb4 52.Nxb6 Ke7 53.Na4 Kf6 54.Nb2 Bc5
55.Nd3 Bb6 56.Ne1 Ba5 57.Nf3 Bc3 58.Kd3 Bb2 59.Kc2 Ba3 60.Kb3 1-0

[Event "20th PKWN Festival it"]
[Site "Naleczow POL"]
[Date "1984.07.??"]
[Round "?"]
[White "Gross, Stefan"]
[WhiteElo "2410"]
[Black "Gavrikov, Viktor"]
[BlackElo "2485"]
[Result "0-1"]
[EventDate "1984.07.??"]
[PlyCount "58"]

1.g3 g6 2.c4 Bg7 3.Nc3 Nf6 4.Bg2 O-O 5.Nf3 d5 6.cxd5 Nxd5 7.O-O Nc6 8.d4
Nb6 9.Bf4 Be6 10.Qc1 Nxd4 11.Nxd4 Qxd4 12.Bxb7 Rab8 13.Bf3 Rfc8 14.Nb5 Qa4
15.Nxc7 Bh3 16.Bc6 Qa5 17.Rd1 g5 18.Bd2 Qf5 19.Na6 Ra8 20.Bb4 Qe6 21.Bxa8
Rxc1 22.Raxc1 Nxa8 23.Rd8+ Bf8 24.Nc5 Qxe2 25.Nd3 Qe4 26.Ne1 Qxb4 27.Rxa8
Qd2 28.Ra1 Qe2 29.Ng2 Qe4 0-1

[Event "20th PKWN Festival it"]
[Site "Naleczow POL"]
[Date "1984.07.??"]
[Round "?"]
[White "Gross, Stefan"]
[WhiteElo "2410"]
[Black "Ksieski, Zbigniew"]
[BlackElo "2400"]
[Result "1-0"]
[EventDate "1984.07.??"]
[PlyCount "69"]

1.e4 c5 2.Nf3 d6 3.d4 cxd4 4.Nxd4 Nf6 5.Nc3 Nc6 6.f4 e6 7.Nf3 Be7 8.Bd3
O-O 9.a3 e5 10.O-O exf4 11.Bxf4 Bg4 12.Qd2 Rc8 13.Kh1 Nh5 14.Nd5 Nxf4 15.
Qxf4 Be6 16.Rae1 h6 17.Nxe7+ Nxe7 18.e5 dxe5 19.Nxe5 f5 20.Qf2 b6 21.Ng6
Nxg6 22.Rxe6 Nh4 23.Rfe1 Rc7 24.Qe3 Kh7 25.Qe5 Rcf7 26.Rd6 Qg5 27.Qg3 g6
28.Qxg5 hxg5 29.Ree6 Rg7 30.g3 Nf3 31.h3 Rc8 32.Kg2 Nd2 33.g4 Nc4 34.Rc6
Nxb2 35.Rxc8 1-0

[Event "20th PKWN Festival it"]
[Site "Naleczow POL"]
[Date "1984.07.??"]
[Round "?"]
[White "Gross, Stefan"]
[WhiteElo "2410"]
[Black "Spiridonov, Nikola"]
[BlackElo "2445"]
[Result "1-0"]
[EventDate "1984.07.??"]
[PlyCount "81"]

1.e4 c6 2.d4 d5 3.e5 Bf5 4.c3 e6 5.Be3 Nd7 6.Nd2 Ne7 7.f4 h5 8.Ngf3 Bg6 9.
Bf2 Nf5 10.Qb3 Qb6 11.g3 Be7 12.h3 c5 13.Bb5 O-O-O 14.a4 Nb8 15.a5 Qc7 16.
a6 b6 17.Qa4 f6 18.O-O Be8 19.Rfe1 Bxb5 20.Qxb5 c4 21.b3 cxb3 22.Qxb3 Kd7
23.c4 Qc6 24.Rac1 Rc8 25.g4 hxg4 26.hxg4 Nh6 27.f5 exf5 28.cxd5 Qxc1 29.
Rxc1 Rxc1+ 30.Kg2 Rhc8 31.d6 Bxd6 32.Qd5 R8c6 33.gxf5 Nxf5 34.exd6 Nxd6
35.Bg3 Ke7 36.Qg8 Rc8 37.Bxd6+ Kxd6 38.Ne4+ Kc7 39.Qxg7+ Kc6 40.Qb7+ Kb5
41.Nd6+ 1-0

[Event "20th PKWN Festival it"]
[Site "Naleczow POL"]
[Date "1984.07.??"]
[Round "?"]
[White "Gross, Stefan"]
[WhiteElo "2410"]
[Black "Yuferov, Sergei"]
[BlackElo "2430"]
[Result "0-1"]
[EventDate "1984.07.??"]
[PlyCount "128"]

1.e4 c5 2.Nf3 d6 3.c3 Nf6 4.h3 e6 5.Bd3 Nc6 6.Bc2 Bd7 7.O-O Rc8 8.Qe2 a6
9.Rd1 Be7 10.d3 O-O 11.Nbd2 b5 12.Nf1 Qc7 13.Bf4 Ne5 14.Ne1 Ng6 15.Bg3 Bc6
16.Nd2 e5 17.d4 cxd4 18.cxd4 Qb7 19.d5 Bd7 20.Bd3 Qb6 21.Nc2 Ne8 22.b4 Bg5
23.Nb3 Nf6 24.Kh1 Rc3 25.Ne3 Rfc8 26.Qe1 R3c7 27.Bh2 Nf4 28.Bb1 h5 29.Bg1
Ng6 30.Nf5 Bxf5 31.exf5 Nf4 32.Na5 Bh6 33.f3 Qb8 34.Be4 Qa8 35.Bb6 Rc3 36.
Nc6 R3xc6 37.dxc6 d5 38.Bd3 Rxc6 39.Be3 Qc8 40.Bxf4 Bxf4 41.g3 e4 42.fxe4
dxe4 43.Bxe4 Bxg3 44.Qe2 Rc4 45.Bg2 Kh7 46.Qe7 Qxf5 47.Qxf7 Be5 48.Rf1 Qg5
49.Rxf6 Bxf6 50.Rg1 Qf5 51.Rf1 Qe5 52.Bd5 Rc2 53.Qg8+ Kh6 54.Bg2 Rc3 55.
Bf3 g6 56.Bg2 Be7 57.Qe8 Re3 58.Rg1 Re1 59.Bc6 Rxg1+ 60.Kxg1 Qg3+ 61.Kf1
Qxh3+ 62.Ke2 Qe6+ 63.Kd1 Qg4+ 64.Kc2 Qe2+ 0-1

[Event "20th PKWN Festival it"]
[Site "Naleczow POL"]
[Date "1984.07.??"]
[Round "?"]
[White "Kindermann, Stefan"]
[WhiteElo "2470"]
[Black "Gavrikov, Viktor"]
[BlackElo "2485"]
[Result "1/2-1/2"]
[EventDate "1984.07.??"]
[PlyCount "64"]

1.e4 c5 2.Nf3 d6 3.d4 cxd4 4.Nxd4 Nf6 5.Nc3 a6 6.f4 Nbd7 7.Be2 e5 8.fxe5
Nxe5 9.O-O Be7 10.Kh1 O-O 11.Be3 Be6 12.Nf5 Bxf5 13.Rxf5 Rc8 14.Qd2 Qd7
15.Raf1 Qe6 16.Bd4 b5 17.a3 Bd8 18.Qe3 g6 19.R5f4 Nfd7 20.Qg3 Bb6 21.Bxb6
Nxb6 22.Rf6 Qe7 23.h4 Rc6 24.Qg5 Rc5 25.Qd2 Rc6 26.Qg5 Qd8 27.Qh6 Ned7 28.
R6f4 Qe7 29.h5 Qe5 30.hxg6 hxg6 31.Bg4 Qg7 32.Qh3 Ne5 1/2-1/2

[Event "20th PKWN Festival it"]
[Site "Naleczow POL"]
[Date "1984.07.??"]
[Round "?"]
[White "Kindermann, Stefan"]
[WhiteElo "2470"]
[Black "Schmidt, Wlodzimierz"]
[BlackElo "2485"]
[Result "1-0"]
[EventDate "1984.07.??"]
[PlyCount "73"]

1.e4 e6 2.d4 d5 3.Nd2 c5 4.exd5 exd5 5.Ngf3 Nc6 6.Bb5 Bd6 7.dxc5 Bxc5 8.
O-O Ne7 9.Nb3 Bd6 10.Bg5 O-O 11.Re1 Bg4 12.Be2 h6 13.Bh4 Re8 14.Nfd4 Bxe2
15.Rxe2 Nxd4 16.Nxd4 Qb6 17.c3 Nc6 18.Nf5 Bf8 19.Rd2 Re4 20.Bg3 Rd8 21.Qf3
Rde8 22.h3 d4 23.cxd4 Nxd4 24.Nxd4 Rxd4 25.Rxd4 Qxd4 26.Qxb7 g6 27.Rc1 h5
28.h4 Re2 29.Qa8 Kg7 30.Qb8 Be7 31.Qe8 Qd8 32.Qxd8 Bxd8 33.Kf1 Re4 34.f3
Ra4 35.a3 Bxh4 36.b3 Bg5 37.Be5+ 1-0

[Event "20th PKWN Festival it"]
[Site "Naleczow POL"]
[Date "1984.07.??"]
[Round "?"]
[White "Kindermann, Stefan"]
[WhiteElo "2470"]
[Black "Sokolov, Andrei"]
[BlackElo "2495"]
[Result "1-0"]
[EventDate "1984.07.??"]
[PlyCount "79"]

1.e4 c5 2.Nf3 e6 3.d4 cxd4 4.Nxd4 Nf6 5.Nc3 d6 6.Be2 Be7 7.O-O O-O 8.f4
Nc6 9.Kh1 a6 10.Nxc6 bxc6 11.e5 dxe5 12.fxe5 Nd7 13.Bf4 Qa5 14.Qd4 Rb8 15.
Rab1 Bc5 16.Qd3 Ba7 17.Qg3 Bd4 18.Ne4 Bxe5 19.Nf6+ Bxf6 20.Bxb8 Qxa2 21.
Bd6 Re8 22.Bd3 Qd5 23.Rbd1 Qh5 24.Rde1 Bxb2 25.Rf5 Qh6 26.Bf4 Qg6 27.Qf3
Rf8 28.Rg5 Qf6 29.Qg3 g6 30.h4 e5 31.Be3 Qg7 32.h5 h6 33.Rg4 Nf6 34.Rc4
Nd5 35.Qh4 Nf4 36.Bxf4 exf4 37.Qxf4 Bd7 38.Re7 Be6 39.Rxc6 Be5 40.Qf3 1-0

[Event "20th PKWN Festival it"]
[Site "Naleczow POL"]
[Date "1984.07.??"]
[Round "?"]
[White "Kindermann, Stefan"]
[WhiteElo "2470"]
[Black "Spiridonov, Nikola"]
[BlackElo "2445"]
[Result "1/2-1/2"]
[EventDate "1984.07.??"]
[PlyCount "84"]

1.e4 c5 2.Nf3 d6 3.d4 cxd4 4.Nxd4 Nf6 5.Nc3 g6 6.Be2 Bg7 7.O-O O-O 8.Be3
Nc6 9.Nb3 Be6 10.f4 Qc8 11.Kh1 Rd8 12.Bg1 Bg4 13.h3 Bxe2 14.Qxe2 b6 15.
Rad1 Nd7 16.Nd4 Nxd4 17.Bxd4 Qb7 18.Bxg7 Kxg7 19.Qf2 b5 20.Nd5 Nb6 21.f5
Nxd5 22.exd5 f6 23.Rfe1 Rac8 24.Re3 Rc5 25.c3 Rd7 26.Qd2 a6 27.Rg3 Qa8 28.
Qd3 Qe8 29.Re1 Qf7 30.Re6 Rdc7 31.Kg1 Rc4 32.Qd2 R4c5 33.b3 Kh8 34.fxg6
hxg6 35.h4 Kg7 36.Qd4 Kf8 37.Rf3 Qg7 38.Rfe3 Kg8 39.Rg3 Qh6 40.Qe4 Kf8 41.
Re3 f5 42.Qd4 Qg7 1/2-1/2

[Event "20th PKWN Festival it"]
[Site "Naleczow POL"]
[Date "1984.07.??"]
[Round "?"]
[White "Kindermann, Stefan"]
[WhiteElo "2470"]
[Black "Stempin, Pawel"]
[BlackElo "2400"]
[Result "0-1"]
[EventDate "1984.07.??"]
[PlyCount "113"]

1.e4 c5 2.Nf3 d6 3.d4 cxd4 4.Nxd4 Nf6 5.Nc3 e6 6.Be2 Nc6 7.O-O Be7 8.Kh1
O-O 9.f4 Bd7 10.Nb3 Qc7 11.Be3 a6 12.a4 b6 13.Bf3 Rab8 14.Qe2 Na5 15.Nd2
Bc8 16.g4 Nd7 17.g5 Re8 18.Bg2 Bf8 19.h4 g6 20.Rf3 Bb7 21.Rh3 Bg7 22.Rf1
Rbc8 23.Bg1 f5 24.h5 fxe4 25.Ndxe4 d5 26.Nd2 Nc4 27.Nxc4 Qxc4 28.Qd1 Rf8
29.Qe1 Rce8 30.b3 Qb4 31.hxg6 hxg6 32.Qh4 Kf7 33.Ne2 Rh8 34.Qg4 Rxh3+ 35.
Bxh3 Qe4+ 36.Qg2 Qxc2 37.Rc1 Qxb3 38.Rc7 Bc8 39.Qg4 d4 40.Bxd4 Bxd4 41.
Nxd4 Qd5+ 42.Nf3 Ke7 43.Kh2 Kd8 44.Rc1 Bb7 45.Bg2 Rh8+ 46.Kg1 b5 47.axb5
axb5 48.Qg3 Qd6 49.Re1 Rf8 50.Nh4 Qxf4 51.Qxf4 Rxf4 52.Bxb7 Rxh4 53.Rxe6
Rg4+ 54.Kf2 Rxg5 55.Kf3 Nc5 56.Rd6+ Ke7 57.Rd5 0-1

[Event "20th PKWN Festival it"]
[Site "Naleczow POL"]
[Date "1984.07.??"]
[Round "?"]
[White "Ksieski, Zbigniew"]
[WhiteElo "2400"]
[Black "Spiridonov, Nikola"]
[BlackElo "2445"]
[Result "1/2-1/2"]
[EventDate "1984.07.??"]
[PlyCount "53"]

1.d4 Nf6 2.c4 g6 3.Nc3 d5 4.Nf3 Bg7 5.cxd5 Nxd5 6.e4 Nxc3 7.bxc3 c5 8.Rb1
O-O 9.Be2 Nc6 10.d5 Ne5 11.Nxe5 Bxe5 12.Qd2 e6 13.f4 Bh8 14.c4 Re8 15.e5
f6 16.f5 exd5 17.fxg6 hxg6 18.Qh6 Bf5 19.Rxb7 Re7 20.Rxe7 Qxe7 21.O-O Qxe5
22.Bf3 Be4 23.cxd5 Bg7 24.Qe3 Bxf3 25.Qxf3 Rd8 26.Rd1 f5 27.Be3 1/2-1/2

[Event "20th PKWN Festival it"]
[Site "Naleczow POL"]
[Date "1984.07.??"]
[Round "?"]
[White "Nicevski, Risto"]
[WhiteElo "2405"]
[Black "Gavrikov, Viktor"]
[BlackElo "2485"]
[Result "0-1"]
[EventDate "1984.07.??"]
[PlyCount "56"]

1.e4 c5 2.Nc3 e6 3.f4 Ne7 4.Nf3 Nec6 5.d3 d5 6.e5 Be7 7.g3 b5 8.Bg2 b4 9.
Ne2 Nd7 10.O-O O-O 11.g4 f6 12.exf6 Nxf6 13.h3 Qc7 14.c4 bxc3 15.bxc3 Rb8
16.Ne5 Nxe5 17.fxe5 Nd7 18.d4 Nb6 19.Rxf8+ Bxf8 20.Nf4 Bd7 21.g5 Na4 22.
Bd2 Qb6 23.g6 h6 24.Qg4 cxd4 25.Nxd5 exd5 26.Qxd7 dxc3+ 27.Kh2 cxd2 28.
Qxa4 Qb2 0-1

[Event "20th PKWN Festival it"]
[Site "Naleczow POL"]
[Date "1984.07.??"]
[Round "?"]
[White "Nicevski, Risto"]
[WhiteElo "2405"]
[Black "Schmidt, Wlodzimierz"]
[BlackElo "2485"]
[Result "1/2-1/2"]
[EventDate "1984.07.??"]
[PlyCount "38"]

1.e4 c5 2.Nc3 Nc6 3.g3 g6 4.Bg2 Bg7 5.d3 d6 6.Be3 Rb8 7.Nge2 Nd4 8.O-O e6
9.Qd2 Ne7 10.Bh6 Nxe2+ 11.Nxe2 Bxb2 12.Rad1 Bf6 13.d4 cxd4 14.Nxd4 a6 15.
Qb4 Qc7 16.Rd3 e5 17.Nb3 Nc6 18.Qxd6 Qxd6 19.Rxd6 Be7 1/2-1/2

[Event "20th PKWN Festival it"]
[Site "Naleczow POL"]
[Date "1984.07.??"]
[Round "?"]
[White "Nicevski, Risto"]
[WhiteElo "2405"]
[Black "Sygulski, Artur"]
[BlackElo "2420"]
[Result "1/2-1/2"]
[EventDate "1984.07.??"]
[PlyCount "64"]

1.e4 e5 2.Nf3 Nc6 3.Bb5 a6 4.Ba4 d6 5.O-O Bd7 6.d4 Nf6 7.c3 Be7 8.Re1 O-O
9.Nbd2 Re8 10.Nf1 Bf8 11.Bg5 b5 12.Bc2 h6 13.Bh4 g5 14.Bg3 Bg4 15.Ne3 Bh5
16.Nf5 Bg6 17.dxe5 dxe5 18.Nd2 Nh5 19.Nf1 Qxd1 20.Raxd1 Nxg3 21.hxg3 Bxf5
22.exf5 Rad8 23.g4 Rxd1 24.Rxd1 Rd8 25.Ng3 Rxd1+ 26.Bxd1 Be7 27.Kf1 Nb8
28.a4 Nd7 29.axb5 axb5 30.Be2 b4 31.Ne4 bxc3 32.bxc3 Nf6 1/2-1/2

[Event "20th PKWN Festival it"]
[Site "Naleczow POL"]
[Date "1984.07.??"]
[Round "?"]
[White "Popovic, Petar"]
[WhiteElo "2515"]
[Black "Gross, Stefan"]
[BlackElo "2410"]
[Result "1/2-1/2"]
[EventDate "1984.07.??"]
[PlyCount "22"]

1.e4 c5 2.Nf3 d6 3.d4 cxd4 4.Nxd4 Nf6 5.Nc3 e6 6.g3 Nc6 7.Bg2 Bd7 8.O-O
Be7 9.Nb3 Qb8 10.a4 O-O 11.Be3 Rd8 1/2-1/2

[Event "20th PKWN Festival it"]
[Site "Naleczow POL"]
[Date "1984.07.??"]
[Round "?"]
[White "Popovic, Petar"]
[WhiteElo "2515"]
[Black "Kindermann, Stefan"]
[BlackElo "2470"]
[Result "1-0"]
[EventDate "1984.07.??"]
[PlyCount "143"]

1.e4 c5 2.Nf3 Nc6 3.d4 cxd4 4.Nxd4 Nf6 5.Nc3 e5 6.Ndb5 d6 7.Bg5 a6 8.Na3
b5 9.Nd5 Be7 10.Bxf6 Bxf6 11.c3 O-O 12.Nc2 Rb8 13.Be2 Bg5 14.O-O a5 15.Na3
Na7 16.Qd3 f5 17.Bf3 g6 18.Rfd1 Kh8 19.b4 Be6 20.Rab1 a4 21.Rb2 Qd7 22.Ne3
Rfd8 23.exf5 gxf5 24.Bd5 Bxd5 25.Nxd5 Rf8 26.f4 Bh6 27.Kh1 e4 28.Qe3 Bg7
29.Rbd2 Qf7 30.c4 bxc4 31.Nxc4 Nb5 32.h3 Rfc8 33.Ncb6 Nc3 34.Nxc8 Nxd1 35.
Nxd6 Qxd5 36.Qa7 Ra8 37.Rxd5 Rxa7 38.Rxd1 Rd7 39.Rc1 Bb2 40.Rc8+ Kg7 41.
Nxf5+ Kf6 42.g4 Rd1+ 43.Kg2 Bc1 44.Rc6+ Kf7 45.Nd6+ Ke7 46.Nxe4 Bxf4 47.
Ra6 Re1 48.Nc5 Re3 49.Rxa4 Rg3+ 50.Kf2 Rxh3 51.b5 Be5 52.Ne4 Rh2+ 53.Ke3
Rb2 54.Ra7+ Ke6 55.a4 Rb3+ 56.Ke2 Bd4 57.Ng5+ Kd5 58.Rxh7 Ra3 59.Rf7 Rxa4
60.Rf5+ Kc4 61.Ne4 Ra2+ 62.Kf3 Kd3 63.g5 Ra1 64.Ng3 Re1 65.Kg4 Rg1 66.g6
Re1 67.Kg5 Rg1 68.Rf3+ Kc4 69.b6 Rb1 70.Rf4 Rg1 71.Rg4 Kc5 72.Ne4+ 1-0

[Event "20th PKWN Festival it"]
[Site "Naleczow POL"]
[Date "1984.07.??"]
[Round "?"]
[White "Popovic, Petar"]
[WhiteElo "2515"]
[Black "Spiridonov, Nikola"]
[BlackElo "2445"]
[Result "1-0"]
[EventDate "1984.07.??"]
[PlyCount "55"]

1.e4 c6 2.d4 d5 3.Nd2 dxe4 4.Nxe4 Nd7 5.Bc4 Ngf6 6.Ng5 e6 7.Qe2 Nb6 8.Bd3
h6 9.N5f3 c5 10.dxc5 Bxc5 11.Ne5 Nbd7 12.Ngf3 Qc7 13.Bf4 Bd6 14.O-O-O Nh5
15.g3 Nxf4 16.gxf4 Bxe5 17.fxe5 Nc5 18.Rhg1 g6 19.Bb5+ Bd7 20.Bxd7+ Nxd7
21.Rg4 Rc8 22.c3 a6 23.Rd6 Qc5 24.Rgd4 Nb8 25.Qd3 Qc7 26.Rf4 Qe7 27.Nd4
Qg5 28.Nxe6 1-0